MAASAI MARA UNIVERSITY

LIBRARY CATALOGUE

Contact Us: +254 020 2685356/7 or 0774 057787

Box: 861-20500, NAROK, KENYA

Email: info@mmarau.ac.ke

_Mainframe basics for securit getting started with RACF Ori Pomerantz (Record no. 7401)

MARC details
000 -LEADER
fixed length control field 00458nam a2200145Ia 4500
008 - FIXED-LENGTH DATA ELEMENTS--GENERAL INFORMATION
fixed length control field 151021s9999 xx 000 0 und d
020 ## - INTERNATIONAL STANDARD BOOK NUMBER
International Standard Book Number 9.7801317386e+012
050 ## - LIBRARY OF CONGRESS CALL NUMBER
Classification number QA 76.9 .A25M3138 2008
245 ## - TITLE STATEMENT
Title _Mainframe basics for securit getting started with RACF Ori Pomerantz
260 ## - PUBLICATION, DISTRIBUTION, ETC. (IMPRINT)
Place of publication, distribution, etc. Upper Saddle pearson 2008
300 ## - PHYSICAL DESCRIPTION
Extent xxi,156p.;ill
650 ## - SUBJECT ADDED ENTRY--TOPICAL TERM
Topical term or geographic name as entry element _Computer security
700 ## - ADDED ENTRY--PERSONAL NAME
Personal name _Barbara Vander Weele
980 ## - EQUIVALENCE OR CROSS-REFERENCE-SERIES STATEMENT--PERSONAL NAME/TITLE [LOCAL, CANADA]
Personal name ^d20110705 04:29:07^oanne

No items available.

© 2016 Maasai Mara University.